[Event "Titled Tuesday intern op 04th Jun Late"]
[Site "Chess.com INT"]
[Date "2024.06.04"]
[Round "1"]
[White "McCamon, Boyd"]
[Black "Aghasiyev, Kamal"]
[Result "0-1"]
[WhiteElo "2260"]
[BlackElo "2441"]
[PlyCount "82"]
[EventDate "2024.06.04"]
[EventType "swiss (blitz)"]
[EventRounds "11"]
[EventCountry "USA"]
[SourceTitle "EXT 2025"]
[Source "ChessBase"]
[SourceDate "2024.10.14"]
[SourceVersion "1"]
[SourceVersionDate "2024.10.14"]
[SourceQuality "1"]

1. d4 Nf6 2. Bg5 d5 3. Bxf6 gxf6 4. e3 c5 5. Nc3 Nc6 6. Qh5 e6 7. Bb5 Bd7 8. Nge2 Qb6 9. 0-0 Be7 10. a4 a6 11. a5 Qc7 12. Bxc6 Bxc6 13. Nf4 Bd7 14. Nfxd5 exd5 15. Nxd5 Qc6 16. Nb6 Rd8 17. d5 Qc7 18. c4 Qe5 19. Qe2 Rg8 20. Nxd7 Kxd7 21. f4 Qe4 22. Rf3 Rg6 23. Rg3 f5 24. Rc1 Rdg8 25. Rxg6 fxg6 26. Rc2 Bf6 27. b4 cxb4 28. c5 b3 29. c6+ Kd6 30. Rd2 Re8 31. cxb7 b2 32. Qxa6+ Ke7 33. Qb6 b1Q+ 34. Qxb1 Qxb1+ 35. Kf2 Qxb7 36. d6+ Kd7 37. Rc2 Qa7 38. Rc7+ Qxc7 39. dxc7 Kxc7 40. a6 Kb6 41. g4 Ka7 0-1

[Event "Titled Tuesday intern op 04th Jun Late"]
[Site "Chess.com INT"]
[Date "2024.06.04"]
[Round "7"]
[White "McCamon, Boyd"]
[Black "Melillo, Lucius"]
[Result "1-0"]
[WhiteElo "2260"]
[BlackElo "2306"]
[PlyCount "43"]
[EventDate "2024.06.04"]
[EventType "swiss (blitz)"]
[EventRounds "11"]
[EventCountry "USA"]
[SourceTitle "EXT 2025"]
[Source "ChessBase"]
[SourceDate "2024.10.14"]
[SourceVersion "1"]
[SourceVersionDate "2024.10.14"]
[SourceQuality "1"]

1. d4 Nf6 2. Bg5 d5 3. Bxf6 gxf6 4. e3 c5 5. Nc3 Nc6 6. Qh5 cxd4 7. exd4 e6 8. Bb5 Bb4 9. Nge2 Qb6 10. 0-0 Bxc3 11. Nxc3 Qxd4 12. Rfe1 Kd8 13. Qxf7 Bd7 14. Nxd5 exd5 15. Rad1 Qb4 16. Qxd5 Kc7 17. Qxd7+ Kb6 18. Bxc6 bxc6 19. Re7 Rhc8 20. Rd4 Qc5 21. Qb7+ Ka5 22. b4+ 1-0

[Event "Titled Tuesday intern op 04th Jun Late"]
[Site "Chess.com INT"]
[Date "2024.06.04"]
[Round "4"]
[White "McCamon, Boyd"]
[Black "Novikova, Margarita"]
[Result "1-0"]
[WhiteElo "2260"]
[BlackElo "1999"]
[PlyCount "73"]
[EventDate "2024.06.04"]
[EventType "swiss (blitz)"]
[EventRounds "11"]
[EventCountry "USA"]
[SourceTitle "EXT 2025"]
[Source "ChessBase"]
[SourceDate "2024.10.14"]
[SourceVersion "1"]
[SourceVersionDate "2024.10.14"]
[SourceQuality "1"]

1. d4 Nf6 2. Bg5 e6 3. e4 h6 4. Bxf6 Qxf6 5. Nc3 Bb4 6. Qd3 b6 7. e5 Qe7 8. Nf3 Ba6 9. Qe4 c6 10. Bxa6 Nxa6 11. 0-0 Bxc3 12. bxc3 d5 13. exd6 Qxd6 14. a4 Nc7 15. c4 0-0 16. c3 Ne8 17. a5 Nf6 18. Qe5 Rad8 19. axb6 axb6 20. Ra6 Qxe5 21. Nxe5 c5 22. Nc6 Rd7 23. Rxb6 Ne4 24. Rc1 Ra8 25. f3 Nd2 26. Ne5 Rc7 27. Rd1 Ra2 28. d5 exd5 29. cxd5 f6 30. Rb8+ Kh7 31. d6 Rca7 32. d7 Ra1 33. Rxa1 Rxa1+ 34. Kf2 Ra2 35. d8Q Ne4+ 36. Ke3 Nxc3 37. Qg8# 1-0

[Event "Titled Tuesday intern op 04th Jun Late"]
[Site "Chess.com INT"]
[Date "2024.06.04"]
[Round "2"]
[White "McCamon, Boyd"]
[Black "Przybylski, Wojciech"]
[Result "0-1"]
[WhiteElo "2260"]
[BlackElo "2308"]
[PlyCount "32"]
[EventDate "2024.06.04"]
[EventType "swiss (blitz)"]
[EventRounds "11"]
[EventCountry "USA"]
[SourceTitle "EXT 2025"]
[Source "ChessBase"]
[SourceDate "2024.10.14"]
[SourceVersion "1"]
[SourceVersionDate "2024.10.14"]
[SourceQuality "1"]

1. d4 d5 2. Bg5 Bg4 3. c4 c5 4. dxc5 d4 5. Nf3 Nc6 6. Nbd2 f6 7. Bh4 e5 8. b4 Bxf3 9. Nxf3 Nxb4 10. Qa4+ Nc6 11. Nxe5 Qa5+ 12. Qxa5 Nxa5 13. Nf3 0-0-0 14. e3 dxe3 15. fxe3 Bxc5 16. Bf2 Bb4+ 0-1

[Event "Titled Tuesday intern op 04th Jun Late"]
[Site "Chess.com INT"]
[Date "2024.06.04"]
[Round "11"]
[White "McCamon, Boyd"]
[Black "Rogov, Matfey"]
[Result "0-1"]
[WhiteElo "2260"]
[BlackElo "2149"]
[PlyCount "56"]
[EventDate "2024.06.04"]
[EventType "swiss (blitz)"]
[EventRounds "11"]
[EventCountry "USA"]
[SourceTitle "EXT 2025"]
[Source "ChessBase"]
[SourceDate "2024.10.14"]
[SourceVersion "1"]
[SourceVersionDate "2024.10.14"]
[SourceQuality "1"]

1. d4 Nf6 2. Bg5 c5 3. Nc3 cxd4 4. Qxd4 Nc6 5. Qh4 Qa5 6. 0-0-0 d6 7. e4 Be6 8. a3 h6 9. Bd2 Qb6 10. Be3 Qa5 11. Bd2 g5 12. Qg3 Qb6 13. Be3 Qc7 14. Bb5 Bg7 15. Nd5 Bxd5 16. exd5 a6 17. dxc6 axb5 18. cxb7 Qxb7 19. Qf3 Ne4 20. Ne2 0-0 21. Nc3 Bxc3 22. bxc3 Rxa3 23. Kb2 Rfa8 24. Ra1 b4 25. c4 b3 26. Rxa3 bxc2+ 27. Kxc2 Rxa3 28. Rb1 Rc3+ 0-1

[Event "Titled Tuesday intern op 04th Jun Late"]
[Site "Chess.com INT"]
[Date "2024.06.04"]
[Round "5"]
[White "Mikhalsky, Vladimir"]
[Black "McCamon, Boyd"]
[Result "0-1"]
[WhiteElo "2219"]
[BlackElo "2260"]
[PlyCount "70"]
[EventDate "2024.06.04"]
[EventType "swiss (blitz)"]
[EventRounds "11"]
[EventCountry "USA"]
[SourceTitle "EXT 2025"]
[Source "ChessBase"]
[SourceDate "2024.10.14"]
[SourceVersion "1"]
[SourceVersionDate "2024.10.14"]
[SourceQuality "1"]

1. d4 g6 2. e4 d6 3. Nc3 c6 4. f4 d5 5. e5 h5 6. Bd3 Nh6 7. h3 Na6 8. Nf3 Nb4 9. Nh4 Nxd3+ 10. Qxd3 Nf5 11. Nxf5 Bxf5 12. Qe2 Qb6 13. Qf2 e6 14. 0-0 0-0-0 15. Na4 Qa5 16. b3 Be7 17. Bd2 Qc7 18. Qe1 Bxc2 19. Rc1 Be4 20. Ba5 b6 21. Bb4 Kb7 22. Qc3 Rc8 23. Bxe7 Qxe7 24. b4 Rhg8 25. Qd2 Bf5 26. Rf3 g5 27. Ra3 gxf4 28. Qxf4 Rg6 29. Kh2 Rcg8 30. Rg1 Qxb4 31. Qe3 Rg3 32. Qxg3 Rxg3 33. Rxg3 Qxa4 34. Rg7 Bg6 35. Rf1 Qxd4 0-1

[Event "Titled Tuesday intern op 28th May Late"]
[Site "Chess.com INT"]
[Date "2024.05.28"]
[Round "5"]
[White "McCamon, Boyd"]
[Black "Reinecke, Katharina"]
[Result "1-0"]
[WhiteElo "2260"]
[BlackElo "1949"]
[PlyCount "49"]
[EventDate "2024.05.28"]
[EventType "swiss (blitz)"]
[EventRounds "11"]
[EventCountry "USA"]
[SourceTitle "EXT 2025"]
[Source "ChessBase"]
[SourceDate "2024.10.14"]
[SourceVersion "1"]
[SourceVersionDate "2024.10.14"]
[SourceQuality "1"]

1. d4 d5 2. Bg5 h6 3. Bh4 c6 4. e3 Nf6 5. Nf3 e6 6. Bd3 Be7 7. 0-0 0-0 8. c4 dxc4 9. Bxc4 b5 10. Bd3 a6 11. Ne5 Nd5 12. Bxe7 Qxe7 13. Nc3 Bb7 14. Rc1 Nd7 15. Nxd5 cxd5 16. Rc7 Bc8 17. Bb1 Qd6 18. Rc6 Qb8 19. Qc2 f5 20. Rxe6 Nxe5 21. Rxe5 Bb7 22. Rxf5 Rc8 23. Qd3 Qd6 24. Rf3 Rc3 25. bxc3 1-0

[Event "Titled Tuesday intern op 28th May Late"]
[Site "Chess.com INT"]
[Date "2024.05.28"]
[Round "2"]
[White "McCamon, Boyd"]
[Black "Skotheim, Andreas"]
[Result "0-1"]
[WhiteElo "2260"]
[BlackElo "2225"]
[PlyCount "74"]
[EventDate "2024.05.28"]
[EventType "swiss (blitz)"]
[EventRounds "11"]
[EventCountry "USA"]
[SourceTitle "EXT 2025"]
[Source "ChessBase"]
[SourceDate "2024.10.14"]
[SourceVersion "1"]
[SourceVersionDate "2024.10.14"]
[SourceQuality "1"]

1. d4 d5 2. Bg5 Nf6 3. Bxf6 gxf6 4. e3 c5 5. Nc3 cxd4 6. exd4 Bf5 7. Qh5 e6 8. 0-0-0 Nc6 9. Bd3 Nxd4 10. Bxf5 Nxf5 11. Nf3 Nd6 12. Rhe1 Be7 13. Qh6 Qd7 14. Nd4 0-0-0 15. Qh3 f5 16. f3 Bf6 17. Rd3 Rhg8 18. g4 fxg4 19. fxg4 e5 20. Nxd5 Bg5+ 21. Kb1 exd4 22. Rxd4 Rge8 23. Red1 Nb5 24. R4d3 Qxd5 25. Rxd5 Rxd5 26. Qf3 Rxd1+ 27. Qxd1 Bh4 28. c4 Re1 29. Qxe1 Bxe1 30. cxb5 Kc7 31. Kc2 Kb6 32. a4 Ka5 33. b3 Kb4 34. h3 Bh4 35. Kd3 Kxb3 36. a5 b6 37. axb6 axb6 0-1

[Event "Titled Tuesday intern op 28th May Late"]
[Site "Chess.com INT"]
[Date "2024.05.28"]
[Round "7"]
[White "Meduri, Aakaash"]
[Black "McCamon, Boyd"]
[Result "1-0"]
[WhiteElo "2023"]
[BlackElo "2260"]
[PlyCount "93"]
[EventDate "2024.05.28"]
[EventType "swiss (blitz)"]
[EventRounds "11"]
[EventCountry "USA"]
[SourceTitle "EXT 2025"]
[Source "ChessBase"]
[SourceDate "2024.10.14"]
[SourceVersion "1"]
[SourceVersionDate "2024.10.14"]
[SourceQuality "1"]

1. c4 Nf6 2. g3 e5 3. Bg2 Nc6 4. a3 a5 5. Nc3 Bc5 6. Nf3 0-0 7. 0-0 d6 8. e3 Bg4 9. h3 Bd7 10. d4 Ba7 11. b3 Re8 12. Bb2 Bf5 13. dxe5 dxe5 14. Nb5 Bb6 15. Qc1 Qc8 16. Kh2 h6 17. Rd1 Be4 18. c5 Ba7 19. Qc4 Bb8 20. Rd2 Qf5 21. Nh4 Qh7 22. Bxe4 Qxe4 23. Qxe4 Nxe4 24. Rd7 Nxc5 25. Rd5 Nxb3 26. Rad1 b6 27. Nf5 Nc5 28. f3 Ne6 29. Kg2 Ne7 30. Nxe7+ Rxe7 31. e4 c6 32. Rd8+ Nxd8 33. Rxd8+ Kh7 34. Nd6 Bxd6 35. Rxa8 Bc5 36. Rc8 f6 37. Rxc6 Rd7 38. Bc3 Rd3 39. Bxa5 Rxa3 40. Bxb6 Bxb6 41. Rxb6 Ra2+ 42. Kg1 Kg6 43. Rb7 Rc2 44. h4 h5 45. Kf1 Ra2 46. Rc7 Rc2 47. Rxc2 1-0

[Event "Titled Tuesday intern op 28th May Late"]
[Site "Chess.com INT"]
[Date "2024.05.28"]
[Round "3"]
[White "Sailer, Mike L"]
[Black "McCamon, Boyd"]
[Result "1-0"]
[WhiteElo "2095"]
[BlackElo "2260"]
[PlyCount "37"]
[EventDate "2024.05.28"]
[EventType "swiss (blitz)"]
[EventRounds "11"]
[EventCountry "USA"]
[SourceTitle "EXT 2025"]
[Source "ChessBase"]
[SourceDate "2024.10.14"]
[SourceVersion "1"]
[SourceVersionDate "2024.10.14"]
[SourceQuality "1"]

1. d4 Nc6 2. Nf3 e5 3. dxe5 d6 4. Bf4 Bg4 5. exd6 Qf6 6. e3 Qxb2 7. Nbd2 0-0-0 8. Rb1 Qc3 9. Rb3 Bxf3 10. gxf3 Qa5 11. Bh3+ f5 12. dxc7 Rd7 13. 0-0 Qxd2 14. Bxf5 Qxd1 15. Rxd1 Nf6 16. Rbd3 g5 17. Bg3 h5 18. Rxd7 Nxd7 19. Bxd7# 1-0

[Event "Titled Tuesday intern op 28th May Late"]
[Site "Chess.com INT"]
[Date "2024.05.28"]
[Round "9"]
[White "Seletsky, Grigory"]
[Black "McCamon, Boyd"]
[Result "1-0"]
[WhiteElo "2214"]
[BlackElo "2260"]
[PlyCount "63"]
[EventDate "2024.05.28"]
[EventType "swiss (blitz)"]
[EventRounds "11"]
[EventCountry "USA"]
[SourceTitle "EXT 2025"]
[Source "ChessBase"]
[SourceDate "2024.10.14"]
[SourceVersion "1"]
[SourceVersionDate "2024.10.14"]
[SourceQuality "1"]

1. e4 Nf6 2. e5 Nd5 3. c4 Nb6 4. d4 d6 5. exd6 cxd6 6. Be3 g6 7. Nc3 Bg7 8. Rc1 0-0 9. Nf3 Nc6 10. d5 Ne5 11. Nxe5 Bxe5 12. Be2 Bf5 13. 0-0 Bg7 14. b3 Nd7 15. Bd4 Bxd4 16. Qxd4 Nf6 17. Bd3 Bxd3 18. Qxd3 Qa5 19. Rfe1 Rfe8 20. g3 a6 21. a4 Rac8 22. Kg2 Nd7 23. Ne4 Nc5 24. Nxc5 Qxc5 25. Qd2 a5 26. h4 h5 27. g4 hxg4 28. h5 Kg7 29. hxg6 Kxg6 30. Re4 f5 31. Re6+ Kf7 32. Qg5 1-0

[Event "Titled Tuesday intern op 21st May Late"]
[Site "Chess.com INT"]
[Date "2024.05.21"]
[Round "6"]
[White "McCamon, Boyd"]
[Black "Hamidov, Allahverdi"]
[Result "1/2-1/2"]
[WhiteElo "2260"]
[BlackElo "2307"]
[PlyCount "98"]
[EventDate "2024.05.21"]
[EventType "swiss (blitz)"]
[EventRounds "11"]
[EventCountry "USA"]
[SourceTitle "CBM 220 Extra"]
[Source "ChessBase"]
[SourceDate "2024.07.31"]
[SourceVersion "1"]
[SourceVersionDate "2024.07.31"]
[SourceQuality "1"]

1. d4 a6 2. e4 e6 3. Nf3 d5 4. exd5 exd5 5. Bd3 Bd6 6. 0-0 Ne7 7. h3 Nbc6 8. a3 0-0 9. Nc3 h6 10. Re1 Be6 11. Ne2 Bf5 12. Bf4 Be4 13. Ne5 Bxe5 14. Bxe5 Nxe5 15. dxe5 Ng6 16. Bxe4 dxe4 17. Nc3 Nxe5 18. Rxe4 Re8 19. Qxd8 Raxd8 20. Rae1 f6 21. f4 Rd2 22. fxe5 Rxc2 23. exf6 Rxe4 24. Rxe4 Rxb2 25. fxg7 Rb3 26. Re8+ Kxg7 27. Re7+ Kg6 28. Rxc7 Rxa3 29. Rxb7 Rxc3 30. Rb6+ Kg5 31. Rxa6 h5 32. Ra4 h4 33. Kh2 Rd3 34. Rg4+ Kh5 35. Rg8 Rc3 36. Rg4 Rd3 37. Kg1 Rc3 38. Kf2 Rb3 39. Ke2 Ra3 40. Kd2 Rb3 41. Ke2 Ra3 42. Kd2 Rb3 43. Kc2 Re3 44. Kd2 Ra3 45. Kc2 Re3 46. Kd2 Ra3 47. Ke2 Rb3 48. Kf2 Rc3 49. Ke2 Ra3 1/2-1/2

[Event "Titled Tuesday intern op 21st May Late"]
[Site "Chess.com INT"]
[Date "2024.05.21"]
[Round "9"]
[White "McCamon, Boyd"]
[Black "Kaplan, Avi Harrison"]
[Result "1-0"]
[WhiteElo "2260"]
[BlackElo "2103"]
[PlyCount "135"]
[EventDate "2024.05.21"]
[EventType "swiss (blitz)"]
[EventRounds "11"]
[EventCountry "USA"]
[SourceTitle "CBM 220 Extra"]
[Source "ChessBase"]
[SourceDate "2024.07.31"]
[SourceVersion "1"]
[SourceVersionDate "2024.07.31"]
[SourceQuality "1"]

1. d4 Nf6 2. Bg5 c5 3. Nc3 cxd4 4. Qxd4 Nc6 5. Qh4 e6 6. 0-0-0 Be7 7. e4 Qa5 8. Kb1 a6 9. Bd2 Qc7 10. Bf4 Qa5 11. Bd2 Qd8 12. Qg3 b5 13. Bd3 b4 14. Nce2 a5 15. Nf3 a4 16. Nf4 b3 17. cxb3 axb3 18. a3 0-0 19. e5 Nd5 20. Nxd5 exd5 21. Qh3 g6 22. Qh6 Re8 23. Ng5 Bxg5 24. Bxg5 Re7 25. Bf6 Qf8 26. Qxf8+ Kxf8 27. Bxe7+ Kxe7 28. f4 Ke6 29. Be2 d4 30. Bf3 Ra4 31. Rd3 Na5 32. Rhd1 Nc4 33. Rxd4 Ba6 34. Rxd7 Ne3 35. g4 Nxd1 36. Rd6+ Ke7 37. Bxd1 Bc4 38. f5 gxf5 39. gxf5 Ra5 40. Rd4 Ba6 41. Bxb3 Rxe5 42. Bc2 Bb7 43. b4 Kf6 44. Rh4 Re1+ 45. Kb2 Re2 46. Kc3 Re3+ 47. Kb2 Re2 48. a4 Kg5 49. Rd4 Bc8 50. b5 Bxf5 51. Rc4 Be6 52. Rc5+ f5 53. a5 Kf6 54. b6 Rd2 55. b7 Rd8 56. a6 Rb8 57. Rc7 Bd5 58. Kc3 f4 59. Rc8 Rxb7 60. axb7 Bxb7 61. Rc7 Bg2 62. Kd2 h5 63. Ke2 Kg5 64. Kf2 Bd5 65. Rc5 Kh4 66. Rxd5 f3 67. Kxf3 Kh3 68. Rxh5# 1-0

[Event "Titled Tuesday intern op 21st May Late"]
[Site "Chess.com INT"]
[Date "2024.05.21"]
[Round "7"]
[White "Vovk, Orest"]
[Black "McCamon, Boyd"]
[Result "1-0"]
[WhiteElo "2315"]
[BlackElo "2260"]
[PlyCount "65"]
[EventDate "2024.05.21"]
[EventType "swiss (blitz)"]
[EventRounds "11"]
[EventCountry "USA"]
[SourceTitle "CBM 220 Extra"]
[Source "ChessBase"]
[SourceDate "2024.07.31"]
[SourceVersion "1"]
[SourceVersionDate "2024.07.31"]
[SourceQuality "1"]

1. h4 e5 2. h5 d5 3. h6 Nxh6 4. d4 Nc6 5. Bxh6 gxh6 6. dxe5 Nxe5 7. Nf3 Nxf3+ 8. gxf3 Bg7 9. Nc3 c6 10. Qd3 Qg5 11. Qe3+ Qxe3 12. fxe3 f5 13. Kd2 Be6 14. Bh3 Rg8 15. Rag1 Ke7 16. Nd1 Rad8 17. c3 c5 18. Nf2 d4 19. cxd4 f4 20. exf4 Bxd4 21. Rxg8 Rxg8 22. Bxe6 Kxe6 23. Rxh6+ Rg6 24. Rh5 Rg7 25. f5+ Kf7 26. Ng4 Bxb2 27. e4 Ke8 28. e5 b5 29. f6 Rc7 30. e6 Rc6 31. f7+ Kf8 32. Kc2 Bd4 33. Rh6 1-0

[Event "Titled Tuesday intern op 07th May Late"]
[Site "Chess.com INT"]
[Date "2024.05.07"]
[Round "3"]
[White "Gascon del Nogal, Jose Rafael"]
[Black "McCamon, Boyd"]
[Result "1/2-1/2"]
[WhiteElo "2489"]
[BlackElo "2260"]
[PlyCount "80"]
[EventDate "2024.05.07"]
[EventType "swiss (blitz)"]
[EventRounds "11"]
[EventCountry "USA"]
[SourceTitle "EXT 2025"]
[Source "ChessBase"]
[SourceDate "2024.10.14"]
[SourceVersion "1"]
[SourceVersionDate "2024.10.14"]
[SourceQuality "1"]

1. Nf3 Nc6 2. d4 d6 3. e4 Nf6 4. Nc3 Bg4 5. Be3 e6 6. h3 Bh5 7. g4 Bg6 8. d5 exd5 9. exd5 Nb4 10. a3 Nxc2+ 11. Kd2 Nxa1 12. Bb5+ Nd7 13. Re1 Be7 14. Bg5 f6 15. Nd4 Nc2 16. Ne6 Nxe1 17. Nxd8 Rxd8 18. Be3 Nc2 19. Bxa7 0-0 20. Qe2 Bf7 21. Kxc2 Rfe8 22. Bd4 Bf8 23. Qd2 Re7 24. g5 Bg6+ 25. Kb3 Nc5+ 26. Bxc5 dxc5 27. gxf6 gxf6 28. Bc4 Kg7 29. Qf4 Red7 30. Nd1 Bd6 31. Qf3 Be5 32. Ne3 c6 33. dxc6 bxc6 34. Nf5+ Bxf5 35. Qxf5 Rd4 36. Qe6 Rb8+ 37. Ka4 Ra8+ 38. Kb3 Rb8+ 39. Ka4 Ra8+ 40. Kb3 Rb8+ 1/2-1/2

[Event "Titled Tuesday intern op 07th May Late"]
[Site "Chess.com INT"]
[Date "2024.05.07"]
[Round "2"]
[White "McCamon, Boyd"]
[Black "Berdayes Ason, Dylan Isidro"]
[Result "0-1"]
[WhiteElo "2260"]
[BlackElo "2499"]
[PlyCount "54"]
[EventDate "2024.05.07"]
[EventType "swiss (blitz)"]
[EventRounds "11"]
[EventCountry "USA"]
[SourceTitle "EXT 2025"]
[Source "ChessBase"]
[SourceDate "2024.10.14"]
[SourceVersion "1"]
[SourceVersionDate "2024.10.14"]
[SourceQuality "1"]

1. d4 d5 2. Bg5 h6 3. Bh4 Nf6 4. Bxf6 exf6 5. e3 Bd6 6. c4 dxc4 7. Bxc4 c6 8. Nc3 Nd7 9. Nge2 f5 10. a4 a5 11. Qc2 Nf6 12. Bd3 g6 13. h4 h5 14. g3 0-0 15. Nf4 Qe7 16. 0-0-0 Bd7 17. Kb1 Rfc8 18. Bc4 Kg7 19. Nh3 b5 20. Bd3 b4 21. Ne2 c5 22. Qb3 c4 23. Bxc4 Bxa4 24. Qxa4 Rxc4 25. Rc1 Rxc1+ 26. Nxc1 Qe4+ 27. Ka2 Qxh1 0-1

[Event "Titled Tuesday intern op 07th May Late"]
[Site "Chess.com INT"]
[Date "2024.05.07"]
[Round "11"]
[White "McCamon, Boyd"]
[Black "Bryant, Todd C"]
[Result "1/2-1/2"]
[WhiteElo "2260"]
[BlackElo "2029"]
[PlyCount "110"]
[EventDate "2024.05.07"]
[EventType "swiss (blitz)"]
[EventRounds "11"]
[EventCountry "USA"]
[SourceTitle "EXT 2025"]
[Source "ChessBase"]
[SourceDate "2024.10.14"]
[SourceVersion "1"]
[SourceVersionDate "2024.10.14"]
[SourceQuality "1"]

1. d4 Nf6 2. Bg5 g6 3. Bxf6 exf6 4. e3 d5 5. c4 dxc4 6. Bxc4 Bd6 7. Nc3 c6 8. Nge2 Qe7 9. Ng3 h5 10. Nge4 Bc7 11. a4 Bf5 12. Ng3 Bg4 13. Qb3 Ba5 14. h3 Bc8 15. 0-0 0-0 16. Rad1 Bc7 17. Nge2 Nd7 18. Bd3 Nb6 19. a5 Be6 20. Qc2 Nc4 21. a6 b5 22. Be4 Kg7 23. Bxc6 Qd6 24. Nf4 Qxc6 25. d5 Qxa6 26. dxe6 Bxf4 27. exf4 Qxe6 28. Rfe1 Qc6 29. f5 Rae8 30. Ne4 Ne5 31. Qb1 Nc4 32. Qc2 Ne5 33. Qb1 Rd8 34. Ng3 h4 35. Nf1 g5 36. Ne3 Rc8 37. Rd5 Rfd8 38. Red1 Rxd5 39. Nxd5 Qc2 40. Qa1 a5 41. Ne3 Qe2 42. Qxa5 Nd3 43. Rf1 Re8 44. Qxb5 Rxe3 45. fxe3 Qxe3+ 46. Kh2 Nf4 47. Rxf4 Qxf4+ 48. Kg1 Qc1+ 49. Kh2 Qf4+ 50. Kg1 Qe3+ 51. Kh2 Qg3+ 52. Kg1 Qe1+ 53. Kh2 Qg3+ 54. Kg1 Qe1+ 55. Kh2 Qg3+ 1/2-1/2

[Event "Titled Tuesday intern op 07th May Late"]
[Site "Chess.com INT"]
[Date "2024.05.07"]
[Round "1"]
[White "McCamon, Boyd"]
[Black "Ozates, Tuna"]
[Result "0-1"]
[WhiteElo "2260"]
[BlackElo "2291"]
[PlyCount "66"]
[EventDate "2024.05.07"]
[EventType "swiss (blitz)"]
[EventRounds "11"]
[EventCountry "USA"]
[SourceTitle "EXT 2025"]
[Source "ChessBase"]
[SourceDate "2024.10.14"]
[SourceVersion "1"]
[SourceVersionDate "2024.10.14"]
[SourceQuality "1"]

1. d4 Nf6 2. Bg5 Ne4 3. Bf4 d6 4. e3 g6 5. Bd3 Nf6 6. Nd2 Bg7 7. Ngf3 0-0 8. h3 c5 9. c3 b6 10. Qe2 Nc6 11. a3 Re8 12. 0-0 e5 13. dxe5 dxe5 14. Bg5 Bb7 15. Rad1 Qc7 16. Bb5 a6 17. Ba4 b5 18. Bc2 h6 19. Bh4 c4 20. Bg3 Rad8 21. Ne4 Nxe4 22. Bxe4 f5 23. Bd5+ Kh7 24. Bxc6 Qxc6 25. Rxd8 Rxd8 26. Rd1 Rd3 27. Rxd3 cxd3 28. Qd2 a5 29. b4 a4 30. h4 Qe6 31. Qxd3 e4 32. Qxb5 Bc6 33. Nd4 Bxd4 0-1

[Event "Titled Tuesday intern op 07th May Late"]
[Site "Chess.com INT"]
[Date "2024.05.07"]
[Round "9"]
[White "Zhu, Linxi"]
[Black "McCamon, Boyd"]
[Result "1-0"]
[WhiteElo "2053"]
[BlackElo "2260"]
[PlyCount "63"]
[EventDate "2024.05.07"]
[EventType "swiss (blitz)"]
[EventRounds "11"]
[EventCountry "USA"]
[SourceTitle "EXT 2025"]
[Source "ChessBase"]
[SourceDate "2024.10.14"]
[SourceVersion "1"]
[SourceVersionDate "2024.10.14"]
[SourceQuality "1"]

1. e4 Nf6 2. e5 Nd5 3. Nc3 Nxc3 4. dxc3 d5 5. Nf3 Bg4 6. Bd3 Nc6 7. Bf4 g6 8. h3 Bxf3 9. Qxf3 Bg7 10. Qe2 0-0 11. 0-0-0 e6 12. h4 f5 13. exf6 Qxf6 14. Bg5 Qxf2 15. Qxe6+ Qf7 16. Qh3 Ne5 17. Rhf1 Nxd3+ 18. Qxd3 Qe6 19. Qxd5 Qxd5 20. Rxf8+ Rxf8 21. Rxd5 Rf1+ 22. Kd2 Rf2+ 23. Kd3 h6 24. Be3 Rxg2 25. Rd8+ Kf7 26. Rd7+ Kf8 27. Rxc7 Rg4 28. Rxb7 Rxh4 29. c4 Rh3 30. c5 Be5 31. Ke4 Bg3 32. c6 1-0

[Event "Titled Tuesday intern op 30th Apr Late"]
[Site "Chess.com INT"]
[Date "2024.04.30"]
[Round "2"]
[White "McCamon, Boyd"]
[Black "Aarav, Dengla"]
[Result "1-0"]
[WhiteElo "2260"]
[BlackElo "2395"]
[PlyCount "33"]
[EventDate "2024.04.30"]
[EventType "swiss (blitz)"]
[EventRounds "11"]
[EventCountry "USA"]
[SourceTitle "EXT 2025"]
[Source "ChessBase"]
[SourceDate "2024.10.14"]
[SourceVersion "1"]
[SourceVersionDate "2024.10.14"]
[SourceQuality "1"]

1. d4 d5 2. Bg5 Nf6 3. Bxf6 gxf6 4. e3 e6 5. c4 c5 6. cxd5 Qxd5 7. Nc3 Qd8 8. d5 a6 9. Nge2 Qb6 10. Rb1 Rg8 11. g3 Nd7 12. Bg2 Ne5 13. Nf4 Bd7 14. dxe6 fxe6 15. Qh5+ Kd8 16. 0-0 Kc7 17. Ncd5+ 1-0

[Event "Titled Tuesday intern op 30th Apr Late"]
[Site "Chess.com INT"]
[Date "2024.04.30"]
[Round "11"]
[White "Prydun, Andriy"]
[Black "McCamon, Boyd"]
[Result "1-0"]
[WhiteElo "2162"]
[BlackElo "2260"]
[PlyCount "97"]
[EventDate "2024.04.30"]
[EventType "swiss (blitz)"]
[EventRounds "11"]
[EventCountry "USA"]
[SourceTitle "EXT 2025"]
[Source "ChessBase"]
[SourceDate "2024.10.14"]
[SourceVersion "1"]
[SourceVersionDate "2024.10.14"]
[SourceQuality "1"]

1. e4 Nf6 2. e5 Nd5 3. d4 d6 4. c4 Nb6 5. f4 dxe5 6. fxe5 Nc6 7. Be3 Bf5 8. Nc3 e6 9. Be2 Be7 10. Nf3 0-0 11. 0-0 f6 12. Nh4 fxe5 13. Nxf5 exf5 14. d5 Na5 15. b3 c6 16. d6 Bxd6 17. c5 Bc7 18. cxb6 Bxb6 19. Qc1 f4 20. Bf2 Bxf2+ 21. Rxf2 Qb6 22. Rb1 c5 23. Na4 Qf6 24. Qxc5 b6 25. Qb5 Rac8 26. Bf3 Nc6 27. Bxc6 Rxc6 28. Re1 Re6 29. Nc3 Kh8 30. Ne4 Qg6 31. Qd5 h6 32. Rc1 f3 33. Rcf1 Kh7 34. Rxf3 Rxf3 35. Rxf3 Rc6 36. Rc3 Rxc3 37. Nxc3 Qc2 38. Qe4+ Qxe4 39. Nxe4 Kg6 40. Kf2 Kf5 41. Ke3 g5 42. Ng3+ Kg4 43. Ke4 h5 44. Kxe5 h4 45. Nf1 h3 46. Ne3+ Kh4 47. g3+ Kh5 48. Kf5 g4 49. Nxg4 1-0

[Event "Titled Tuesday intern op 30th Apr Late"]
[Site "Chess.com INT"]
[Date "2024.04.30"]
[Round "3"]
[White "Santos Latasa, Jaime"]
[Black "McCamon, Boyd"]
[Result "1-0"]
[WhiteElo "2628"]
[BlackElo "2260"]
[PlyCount "63"]
[EventDate "2024.04.30"]
[EventType "swiss (blitz)"]
[EventRounds "11"]
[EventCountry "USA"]
[SourceTitle "EXT 2025"]
[Source "ChessBase"]
[SourceDate "2024.10.14"]
[SourceVersion "1"]
[SourceVersionDate "2024.10.14"]
[SourceQuality "1"]

1. d4 Nc6 2. Nf3 d5 3. Bf4 Bg4 4. Nbd2 Nf6 5. h3 Bh5 6. e3 e6 7. Bb5 Bd6 8. g4 Bxf4 9. exf4 Bg6 10. Ne5 0-0 11. Bxc6 bxc6 12. c3 Qd6 13. Nb3 Ne4 14. f3 Nf6 15. Nc5 Rfb8 16. Qe2 a5 17. a4 Rb6 18. Rh2 Rab8 19. h4 h5 20. g5 Nh7 21. Nxg6 fxg6 22. Qxe6+ Qxe6+ 23. Nxe6 Rxb2 24. Rxb2 Rxb2 25. Nxc7 Nf8 26. Kf1 Kf7 27. Re1 Ra2 28. Re5 Rxa4 29. Ne8 Ne6 30. Nd6+ Ke7 31. Nc8+ Kd7 32. Nb6+ 1-0